000 00397cam a22001217a 4500
008 180718b1986 xxu||||| |||| 00| 0 eng d
082 _aAPPPA 85-86 KAL
100 _aKala, Alka
245 _aNational textile policy during the 80s: a critical appraisal
_cby Alka Kala
260 _aNew Delhi
_bIndian Institute of Public Administration
_c1986
300 _a102+p.
650 _aNational textile policy
999 _c501405
_d501405